|
|
|
|
| LEADER |
00000nab a2200000uu 4500 |
| 001 |
vtls010876799 |
| 003 |
SK-MaSNL |
| 005 |
20260303110503.0 |
| 008 |
230121|1993 xo |||||||||||||||||cze| |
| 015 |
|
|
|a SNBRB
|
| 035 |
|
|
|a (urnnbn)urn:nbn:sk:snk:ar-006as4
|
| 035 |
|
|
|a (uuid)a2876c09-72c3-4d58-b80e-2c9abea1b96d
|
| 035 |
|
|
|a urn:nbn:sk:snk-ab7qcq
|
| 040 |
|
|
|a SNKBUCL
|b slo
|c SNKBUCL
|e AACR2
|
| 041 |
0 |
|
|a cze
|
| 044 |
|
|
|a xo
|c SK
|
| 100 |
1 |
|
|a Stejskalová, Simona
|4 aut
|9 1122450
|
| 245 |
1 |
0 |
|a ALTERNATIVNÍ TERAPIE U KONÍ
|c Simona Stejskalová
|
| 773 |
0 |
|
|t Jazdectvo : časopis pre chov koní a jazdecký šport
|g Roč. 41, č. 11 (1993), s. 9
|
| 954 |
|
|
|a odborná, vedecká literatúra cudzojazyčná (svetová)
|2 lita
|
| 954 |
|
|
|a odborná, vedecká literatúra pôvodná (slovenská)
|2 lita
|
| 958 |
|
|
|a OND
|
| 958 |
|
|
|a EUIPO
|
| 958 |
|
|
|a article8
|
| 999 |
|
|
|c 1870525
|d 1872455
|